Inventory Control and Management / (Record no. 2892)

000 -LEADER
fixed length control field 00698nam a2200265 a 4500
006 - FIXED-LENGTH DATA ELEMENTS--ADDITIONAL MATERIAL CHARACTERISTICS--GENERAL INFORMATION
fixed length control field a||||gr|||| 001 0
007 - PHYSICAL DESCRIPTION FIXED FIELD--GENERAL INFORMATION
fixed length control field ta
008 - FIXED-LENGTH DATA ELEMENTS--GENERAL INFORMATION
fixed length control field 191028t2003 xxkad||gr|||| 001 0 eng d
020 ## - INTERNATIONAL STANDARD BOOK NUMBER
International Standard Book Number 9780470858769
Terms of availability $ 87.95
040 ## - CATALOGING SOURCE
Original cataloging agency IMU Kochi Library
Language of cataloging eng
041 0# - LANGUAGE CODE
Language code of text/sound track or separate title eng
044 ## - COUNTRY OF PUBLISHING/PRODUCING ENTITY CODE
MARC country code United Kingdom
082 04 - DEWEY DECIMAL CLASSIFICATION NUMBER
Edition number 23
Classification number 658.787
Item number W315
100 1# - MAIN ENTRY--PERSONAL NAME
Personal name Waters, Donald
245 10 - TITLE STATEMENT
Title Inventory Control and Management /
250 ## - EDITION STATEMENT
Edition statement 2nd ed.
260 ## - PUBLICATION, DISTRIBUTION, ETC. (IMPRINT)
Place of publication, distribution, etc England :
Name of publisher, distributor, etc John Wiley & Sons Ltd.,
Date of publication, distribution, etc 2003
300 ## - PHYSICAL DESCRIPTION
Extent xiv, 391 p. :
Other physical details ill. ;
Dimensions 23 cm.
504 ## - BIBLIOGRAPHY, ETC. NOTE
Bibliography, etc Includes bibliographical references.
650 #0 - SUBJECT ADDED ENTRY--TOPICAL TERM
Topical term or geographic name as entry element Inventory control
Form subdivision Textbooks
852 ## - LOCATION/CALL NUMBER
Location IMU Kochi Library
904 ## - LOCAL DATA ELEMENT D, LDD (RLIN)
CATALOGER Rudra Ranjan
905 ## - LOCAL DATA ELEMENT E, LDE (RLIN)
VERIFIER Rudra Ranjan
942 ## - ADDED ENTRY ELEMENTS (KOHA)
Item type Books
Holdings
Withdrawn status Lost status Source of classification or shelving scheme Damaged status Not for loan Collection code Permanent location Current location Shelving location Date acquired Source of acquisition Cost, normal purchase price Full call number Barcode Date last seen Koha item type
          Management Studies IMU Kochi Library IMU Kochi Library General Stacks 2024-05-06 M/s Sterling Book House (Inv. No. INV/306 Dt. 17-04-2024) 7343.67 658.787 W315 BK006560 2024-06-24 Books
          Management Studies IMU Kochi Library IMU Kochi Library General Stacks 2024-05-06 M/s Sterling Book House (Inv. No. INV/306 Dt. 17-04-2024) 7343.67 658.787 W315 BK006561 2024-06-24 Books
          Management Studies IMU Kochi Library IMU Kochi Library General Stacks 2024-05-06 M/s Sterling Book House (Inv. No. INV/306 Dt. 17-04-2024) 7343.67 658.787 W315 BK006562 2024-06-24 Books
          Management Studies IMU Kochi Library IMU Kochi Library General Stacks 2024-05-06 M/s Sterling Book House (Inv. No. INV/306 Dt. 17-04-2024) 7343.67 658.787 W315 BK006563 2024-06-24 Books


Copyright © All Rights Reserved by Indian Maritime University, Kochi Campus.
For any Suggestions/Query Contact to library or Email: library.kochi@imu.ac.in Ph:(0484)-2989402
(Web OPAC Designed by Rudra Ranjan. Maintained by IMU Kochi Library)

Powered by Koha